[Event "Nova Gorica op 22nd"]
[Site "Nova Gorica"]
[Date "2017.01.27"]
[Round "1"]
[White "Sambo, Pietro"]
[Black "Brilej, Jaka"]
[Result "0-1"]
[WhiteElo "1465"]
[BlackElo "2028"]
[PlyCount "66"]
[EventDate "2017.01.27"]
[EventType "swiss"]
[EventRounds "9"]
[EventCountry "SLO"]
[SourceTitle "CBM 176 Extra"]
[Source "ChessBase"]
[SourceDate "2017.03.02"]
[SourceVersion "1"]
[SourceVersionDate "2017.03.02"]
[SourceQuality "1"]

1. e4 c5 2. Nf3 Nc6 3. Nc3 Nf6 4. d4 cxd4 5. Nxd4 e5 6. Nxc6 bxc6 7. Be2 Bb4 8. Qd3 0-0 9. 0-0 d5 10. exd5 cxd5 11. Bg5 d4 12. Ne4 Be7 13. Nxf6+ Bxf6 14. Bxf6 Qxf6 15. Qe4 Bf5 16. Qf3 Rab8 17. Qa3 Qb6 18. Bc4 Bxc2 19. Rfc1 Bg6 20. b3 Rbd8 21. Qe7 Rfe8 22. Qg5 d3 23. h4 d2 24. Rd1 h6 25. Qe3 Qxe3 26. fxe3 Bc2 27. Kf2 Bxd1 28. Rxd1 Rd6 29. Ke2 Red8 30. e4 Rg6 31. Kf3 Rd4 32. g4 Rf6+ 33. Ke3 Rf4 0-1

[Event "Nova Gorica op 21st"]
[Site "Nova Gorica"]
[Date "2016.02.03"]
[Round "8"]
[White "Sambo, Pietro"]
[Black "Vukovic, Igor"]
[Result "1/2-1/2"]
[WhiteElo "1523"]
[BlackElo "1805"]
[PlyCount "130"]
[EventDate "2016.01.29"]
[EventType "swiss"]
[EventRounds "9"]
[EventCountry "SLO"]
[SourceTitle "CBM 170 Extra"]
[Source "ChessBase"]
[SourceDate "2016.02.25"]
[SourceVersion "1"]
[SourceVersionDate "2016.02.25"]
[SourceQuality "1"]

1. e4 d5 2. exd5 Qxd5 3. Nc3 Qd6 4. d4 Nf6 5. Be3 a6 6. Nf3 Nc6 7. a3 Bg4 8. Be2 e6 9. Qd2 Nd5 10. Nxd5 Qxd5 11. c4 Qa5 12. Qxa5 Nxa5 13. b4 Nc6 14. h3 Bf5 15. c5 Be4 16. 0-0 Bxf3 17. Bxf3 0-0-0 18. Rfd1 Ne7 19. Bg5 c6 20. a4 h6 21. Bh4 Rd7 22. b5 Nd5 23. Bg3 Be7 24. bxc6 bxc6 25. Rdb1 Nc7 26. Bxc6 Rxd4 27. Bb7+ Kd8 28. Bxc7+ Kxc7 29. Bxa6 Bxc5 30. Rb7+ Kd6 31. Rxf7 Rd2 32. Bb5 Rd8 33. g4 Bd4 34. Rc1 Kd5 35. Bc6+ Kd6 36. Bb5 Kd5 37. Kg2 Be3 38. Kg3 Rxf2 39. Rxf2 Bxc1 40. Rf7 Bb2 41. Kf3 Kc5 42. Rc7+ Kd6 43. Rc2 Bd4 44. Ke4 Bg1 45. Rd2+ Ke7 46. Rxd8 Kxd8 47. Ke5 Ke7 48. a5 Bh2+ 49. Ke4 Bb8 50. a6 Ba7 51. Bc4 Kf6 52. h4 Bb6 53. Bb5 Ba7 54. Kf3 Bb6 55. Kf4 Bc7+ 56. Ke4 Bb6 57. g5+ hxg5 58. hxg5+ Kxg5 59. Ke5 Kh4 60. Kxe6 g5 61. Kd6 g4 62. Bc6 g3 63. Kd7 Kh3 64. Kc8 g2 65. Bxg2+ Kxg2 1/2-1/2

[Event "Nova Gorica op-A 20th"]
[Site "Nova Gorica"]
[Date "2015.02.02"]
[Round "6"]
[White "Sambo, Pietro"]
[Black "Laco, Igor"]
[Result "1-0"]
[WhiteElo "1592"]
[BlackElo "1606"]
[PlyCount "61"]
[EventDate "2015.01.30"]
[EventType "swiss"]
[EventRounds "9"]
[EventCountry "SLO"]
[SourceTitle "CBM 164 Extra"]
[Source "ChessBase"]
[SourceDate "2015.03.02"]
[SourceVersion "1"]
[SourceVersionDate "2015.03.02"]
[SourceQuality "1"]

1. e4 d5 2. exd5 Qxd5 3. Nc3 Qa5 4. d4 Nf6 5. Bd2 Qb6 6. Nf3 c6 7. b3 Bg4 8. Na4 Qd8 9. Be3 Nd5 10. Be2 Nxe3 11. fxe3 e6 12. 0-0 Qc7 13. e4 Be7 14. c4 0-0 15. Qc2 Nd7 16. Rad1 f6 17. Rd3 Rf7 18. Kh1 Raf8 19. Nb2 f5 20. e5 f4 21. Rdd1 g5 22. h3 Bf5 23. Bd3 h5 24. Bxf5 Rxf5 25. d5 Bc5 26. dxe6 Nb8 27. Na4 Be7 28. Nd4 R5f7 29. exf7+ Rxf7 30. Qg6+ Rg7 31. Qxg7+ 1-0

[Event "Nova Gorica op-A 20th"]
[Site "Nova Gorica"]
[Date "2015.02.01"]
[Round "4"]
[White "Winkler, Silvo"]
[Black "Sambo, Pietro"]
[Result "1-0"]
[WhiteElo "1675"]
[BlackElo "1592"]
[PlyCount "31"]
[EventDate "2015.01.30"]
[EventType "swiss"]
[EventRounds "9"]
[EventCountry "SLO"]
[SourceTitle "CBM 164 Extra"]
[Source "ChessBase"]
[SourceDate "2015.03.02"]
[SourceVersion "1"]
[SourceVersionDate "2015.03.02"]
[SourceQuality "1"]

1. d4 Nf6 2. Nf3 d5 3. c4 e6 4. Nc3 Nc6 5. Bg5 h6 6. Bh4 b6 7. cxd5 exd5 8. Qa4 Bb7 9. Ne5 g5 10. Bg3 Ne4 11. Nxc6 Nxc3 12. Nxd8+ Nxa4 13. Nxb7 Bb4+ 14. Kd1 Rb8 15. e4 Kd7 16. Bb5+ 1-0

[Event "Nova Gorica op-A 19th"]
[Site "Nova Gorica"]
[Date "2014.01.31"]
[Round "1"]
[White "Sambo, Pietro"]
[Black "Mestek, Igor"]
[Result "0-1"]
[WhiteElo "1639"]
[BlackElo "2135"]
[PlyCount "64"]
[EventDate "2014.01.31"]
[EventType "swiss"]
[EventRounds "9"]
[EventCountry "SLO"]
[SourceTitle "CBM 158 Extra"]
[Source "ChessBase"]
[SourceDate "2014.02.28"]
[SourceVersion "1"]
[SourceVersionDate "2014.02.28"]
[SourceQuality "1"]

1. e4 Nf6 2. e5 Nd5 3. d4 d6 4. c4 Nb6 5. exd6 cxd6 6. Be3 g6 7. Nf3 Bg7 8. Nbd2 0-0 9. Be2 Bf5 10. 0-0 Nc6 11. Nh4 Nxd4 12. Bxd4 Bxd4 13. Nxf5 gxf5 14. Bd3 e6 15. Qf3 Rb8 16. Rab1 Qh4 17. g3 Qf6 18. b3 Nd7 19. Qf4 Be5 20. Qe3 Bd4 21. Qf4 Bc3 22. Nf3 Ne5 23. Nxe5 dxe5 24. Qc1 Bd4 25. Qc2 Kh8 26. Kh1 Rg8 27. f3 Rg6 28. g4 Rbg8 29. gxf5 exf5 30. Bxf5 Rg2 31. Qe4 Qh6 32. h3 Qd2 0-1

[Event "Nova Gorica op-A 18th"]
[Site "Nova Gorica"]
[Date "2013.01.26"]
[Round "3"]
[White "Sambo, Pietro"]
[Black "Skok, Joze"]
[Result "0-1"]
[WhiteElo "1655"]
[BlackElo "2047"]
[PlyCount "80"]
[EventDate "2013.01.25"]
[EventType "swiss"]
[EventRounds "9"]
[EventCountry "SLO"]
[SourceTitle "CBM 152 Extra"]
[Source "ChessBase"]
[SourceDate "2013.02.25"]
[SourceVersion "1"]
[SourceVersionDate "2013.02.25"]
[SourceQuality "1"]

1. e4 e6 2. d4 d5 3. Nd2 Nf6 4. e5 Nfd7 5. Bd3 c5 6. c3 Nc6 7. Ne2 Qb6 8. Nf3 Be7 9. 0-0 0-0 10. a3 a5 11. Bc2 f6 12. Qd3 f5 13. Nf4 Nd8 14. Ba4 c4 15. Qd2 Nf7 16. h4 Qa6 17. Nh3 b5 18. Bc2 Qb6 19. Qf4 Qd8 20. Nhg5 Nxg5 21. Nxg5 Ra6 22. g3 h6 23. Nh3 b4 24. axb4 axb4 25. Rxa6 Bxa6 26. Bd2 b3 27. Ra1 bxc2 28. Rxa6 Qb8 29. Rxe6 Rf7 30. Bc1 Nf8 31. Ra6 Qb7 32. Ra1 Ne6 33. Qd2 Qb3 34. Nf4 Nxf4 35. Ra8+ Kh7 36. gxf4 Bxh4 37. Ra3 Qb6 38. Qxc2 Qg6+ 39. Kf1 Qg4 40. Ke1 Qg1+ 0-1

[Event "Nova Gorica op-B 15th"]
[Site "Nova Gorica"]
[Date "2010.01.31"]
[Round "1"]
[White "Laco, Giuseppe"]
[Black "Sambo, Pietro"]
[Result "1-0"]
[WhiteElo "2080"]
[BlackElo "1716"]
[PlyCount "55"]
[EventDate "2010.01.31"]
[EventType "swiss"]
[EventRounds "9"]
[EventCountry "SLO"]
[SourceTitle "CBM 134 Extra"]
[Source "ChessBase"]
[SourceDate "2010.03.03"]
[SourceVersion "1"]
[SourceVersionDate "2010.03.03"]
[SourceQuality "1"]

1. e4 c6 2. d4 d5 3. e5 Bf5 4. Bd3 Bxd3 5. Qxd3 e6 6. f4 Nd7 7. Nf3 Ne7 8. Be3 Nf5 9. Bf2 Be7 10. 0-0 Nh4 11. Nbd2 Nxf3+ 12. Nxf3 Qb6 13. b3 0-0-0 14. c4 Qa6 15. Qc2 Kb8 16. c5 Rc8 17. a4 Qa5 18. Rfb1 Qd8 19. b4 a6 20. b5 a5 21. b6 Ka8 22. Qc3 Nb8 23. Qxa5+ Na6 24. Ne1 g5 25. f5 exf5 26. Nd3 Kb8 27. Nb4 Nxb4 28. Qa7# 1-0

[Event "Nova Gorica op-B 14th"]
[Site "Nova Gorica"]
[Date "2009.02.02"]
[Round "4"]
[White "Maleckar, Slavko"]
[Black "Sambo, Pietro"]
[Result "1-0"]
[WhiteElo "1601"]
[BlackElo "1631"]
[PlyCount "69"]
[EventDate "2009.01.31"]
[EventType "swiss"]
[EventRounds "9"]
[EventCountry "SLO"]
[SourceTitle "EXT 2011"]
[Source "ChessBase"]
[SourceDate "2010.11.26"]
[SourceVersion "1"]
[SourceVersionDate "2010.11.26"]
[SourceQuality "1"]

1. e4 c6 2. d4 d5 3. Nc3 dxe4 4. Nxe4 Bf5 5. Nc3 e6 6. Nf3 h6 7. Be3 Bb4 8. Qd2 Nd7 9. a3 Ba5 10. b4 Bc7 11. Bc4 Ngf6 12. Bb3 Be4 13. Qe2 Bh7 14. h3 a6 15. 0-0-0 Qe7 16. Kb2 b5 17. Qd2 a5 18. Ne2 axb4 19. axb4 Ne4 20. Qe1 Bd6 21. c3 Nb6 22. Nd2 Nf6 23. f3 Nfd5 24. Bf2 0-0 25. Ne4 Na4+ 26. Bxa4 Rxa4 27. Ra1 Nxb4 28. cxb4 Rxb4+ 29. Kc2 Rc4+ 30. Kd3 Bxe4+ 31. fxe4 Bb4 32. Qb1 Qg5 33. Be3 Qxg2 34. Qg1 Qxg1 35. Rhxg1 1-0

[Event "Nova Gorica op-B 14th"]
[Site "Nova Gorica"]
[Date "2009.02.01"]
[Round "3"]
[White "Sambo, Pietro"]
[Black "Skrinjar, Matic"]
[Result "0-1"]
[WhiteElo "1631"]
[BlackElo "1908"]
[PlyCount "53"]
[EventDate "2009.01.31"]
[EventType "swiss"]
[EventRounds "9"]
[EventCountry "SLO"]
[SourceTitle "EXT 2011"]
[Source "ChessBase"]
[SourceDate "2010.11.26"]
[SourceVersion "1"]
[SourceVersionDate "2010.11.26"]
[SourceQuality "1"]

1. e4 e5 2. Nf3 Nc6 3. Bb5 a6 4. Ba4 Nf6 5. Nc3 b5 6. Bb3 Bc5 7. 0-0 d6 8. d3 Bg4 9. Bd5 Nxd5 10. Nxd5 Nd4 11. Be3 Nxf3+ 12. gxf3 Bh3 13. Kh1 Bxe3 14. Nxe3 Bxf1 15. Qxf1 c6 16. Qg2 Qf6 17. Rg1 0-0-0 18. Qh3+ Kb7 19. Qg4 g6 20. Qh3 Qe6 21. Qh4 Rd7 22. b3 d5 23. Qh6 d4 24. Qg7 Re8 25. Nd1 Qh3 26. Qf6 Re6 27. Qxe6 0-1

[Event "Nova Gorica op-B 14th"]
[Site "Nova Gorica"]
[Date "2009.01.31"]
[Round "1"]
[White "Sambo, Pietro"]
[Black "Fantini, Marco"]
[Result "0-1"]
[WhiteElo "1631"]
[BlackElo "2019"]
[PlyCount "70"]
[EventDate "2009.01.31"]
[EventType "swiss"]
[EventRounds "9"]
[EventCountry "SLO"]
[SourceTitle "EXT 2011"]
[Source "ChessBase"]
[SourceDate "2010.11.26"]
[SourceVersion "1"]
[SourceVersionDate "2010.11.26"]
[SourceQuality "1"]

1. e4 e6 2. d4 d5 3. Nd2 Nf6 4. e5 Nfd7 5. f4 c5 6. c3 cxd4 7. cxd4 Nc6 8. Ngf3 Qb6 9. Nb3 a5 10. a4 Bb4+ 11. Bd2 Bxd2+ 12. Nbxd2 Nxd4 13. Nxd4 Qxd4 14. Nf3 Qxf4 15. Bb5 Qe3+ 16. Qe2 Qxe2+ 17. Kxe2 0-0 18. Rhc1 f6 19. Rc7 Nxe5 20. Rac1 Nc6 21. Bxc6 bxc6 22. R1xc6 Ba6+ 23. Kd2 e5 24. Rd7 Rf7 25. Rdd6 Bb7 26. Rb6 Rc7 27. Nh4 Rac8 28. Nf5 d4 29. Kd3 Bxg2 30. Re6 Kf8 31. Nd6 Rd8 32. Nb5 e4+ 33. Kd2 e3+ 34. Kd3 Bf1+ 35. Ke4 Bxb5 0-1

[Event "Nova Gorica op-B 14th"]
[Site "Nova Gorica"]
[Date "2009.01.31"]
[Round "2"]
[White "Zamar Kodelja, Jurij"]
[Black "Sambo, Pietro"]
[Result "0-1"]
[WhiteElo "1500"]
[BlackElo "1631"]
[PlyCount "64"]
[EventDate "2009.01.31"]
[EventType "swiss"]
[EventRounds "9"]
[EventCountry "SLO"]
[SourceTitle "EXT 2011"]
[Source "ChessBase"]
[SourceDate "2010.11.26"]
[SourceVersion "1"]
[SourceVersionDate "2010.11.26"]
[SourceQuality "1"]

1. e4 c6 2. Nf3 d5 3. Nc3 dxe4 4. Nxe4 Bf5 5. Bd3 Bxe4 6. Bxe4 Nf6 7. Bd3 e6 8. 0-0 Bd6 9. Re1 0-0 10. b3 Nbd7 11. Bb2 Qc7 12. h3 h6 13. Bxf6 Nxf6 14. c3 Rfd8 15. Bc2 Rd7 16. d4 c5 17. b4 cxb4 18. cxb4 Bxb4 19. Re2 Nd5 20. Qf1 Nf4 21. Re4 Nxh3+ 22. gxh3 Qxc2 23. Re2 Qg6+ 24. Kh1 Qf6 25. Qb1 Qxf3+ 26. Kg1 Qxe2 27. Qxb4 Rad8 28. a3 Qf3 29. Qa4 Rxd4 30. Qxa7 Qxh3 31. Qxb7 Rd1+ 32. Rxd1 Rxd1# 0-1

[Event "Nova Gorica op-B 13th"]
[Site "Nova Gorica"]
[Date "2008.01.27"]
[Round "4"]
[White "Asanin, Svarun"]
[Black "Sambo, Pietro"]
[Result "0-1"]
[WhiteElo "1500"]
[BlackElo "1661"]
[PlyCount "54"]
[EventDate "2008.01.26"]
[EventType "swiss"]
[EventRounds "9"]
[EventCountry "SLO"]
[SourceTitle "EXT 2010"]
[Source "ChessBase"]
[SourceDate "2010.11.25"]
[SourceVersion "1"]
[SourceVersionDate "2010.11.25"]
[SourceQuality "1"]

1. e4 c6 2. Nf3 d5 3. exd5 cxd5 4. Bb5+ Bd7 5. Qe2 e6 6. Ne5 Nf6 7. Nxd7 Nbxd7 8. Nc3 Be7 9. d3 0-0 10. Qf3 Bd6 11. 0-0 Ne5 12. Qe2 Ng6 13. Ba4 a6 14. Bg5 h6 15. Be3 Rc8 16. Rab1 Qc7 17. Nd1 Bxh2+ 18. Kh1 Bd6 19. b4 b5 20. Bb3 Rfd8 21. Rc1 Bxb4 22. Bd2 Bxd2 23. Qxd2 a5 24. a4 b4 25. Ne3 Qf4 26. c4 d4 27. Rb1 dxe3 0-1

[Event "Nova Gorica op-B 12th"]
[Site "Nova Gorica"]
[Date "2007.01.30"]
[Round "8"]
[White "Savoia, Serge"]
[Black "Sambo, Pietro"]
[Result "1-0"]
[WhiteElo "1907"]
[BlackElo "1661"]
[PlyCount "75"]
[EventDate "2007.01.26"]
[EventType "swiss"]
[EventRounds "9"]
[EventCountry "SLO"]
[SourceTitle "CBM 116 Extra"]
[Source "ChessBase"]
[SourceDate "2007.03.07"]
[SourceVersion "1"]
[SourceVersionDate "2007.03.07"]
[SourceQuality "1"]

1. g3 Nf6 2. Bg2 c6 3. e4 d5 4. e5 Nfd7 5. Nf3 Nb6 6. h3 Bf5 7. d3 e6 8. Nh4 Bg6 9. 0-0 Be7 10. Nxg6 hxg6 11. f4 N8d7 12. a4 a5 13. b3 Qc7 14. d4 0-0-0 15. Ba3 Bxa3 16. Nxa3 Nb8 17. Qe1 N6d7 18. b4 axb4 19. Qxb4 Qb6 20. Qd2 Na6 21. a5 Qb4 22. c3 Qe7 23. Rfb1 Ndb8 24. c4 Rd7 25. c5 Nc7 26. Rb6 Nca6 27. Qe1 Rc7 28. Qc1 Rd8 29. Bf1 Rdd7 30. Bd3 Kd8 31. Qc3 f5 32. exf6 Qxf6 33. h4 Ke8 34. Nc2 Kf8 35. Ne3 Re7 36. Ng4 Qf7 37. Ne5 Qg8 38. Nxg6+ 1-0

[Event "Nova Gorica op-B 12th"]
[Site "Nova Gorica"]
[Date "2007.01.26"]
[Round "1"]
[White "Kersic, Matej"]
[Black "Sambo, Pietro"]
[Result "1-0"]
[WhiteElo "2148"]
[BlackElo "1661"]
[PlyCount "51"]
[EventDate "2007.01.26"]
[EventType "swiss"]
[EventRounds "9"]
[EventCountry "SLO"]
[SourceTitle "CBM 116 Extra"]
[Source "ChessBase"]
[SourceDate "2007.03.07"]
[SourceVersion "1"]
[SourceVersionDate "2007.03.07"]
[SourceQuality "1"]

1. e4 c5 2. d4 d5 3. e5 Bf5 4. Nc3 e6 5. g4 Bg6 6. Nge2 h6 7. Nf4 Bh7 8. Bd3 Bxd3 9. Nxd3 Be7 10. Be3 Bg5 11. Qd2 Bxe3 12. Qxe3 Ne7 13. 0-0-0 Nd7 14. f4 Qc7 15. Ne2 0-0-0 16. Ng3 g6 17. Rdf1 Nb6 18. b3 a5 19. f5 g5 20. fxe6 fxe6 21. Nxc5 Ng6 22. Nxe6 Qe7 23. Nc5 Nf4 24. Nf5 Qe8 25. Qd2 Nd7 26. Nd6+ 1-0